Normal view
MARC view
- Walecka, John Dirk.
Entry Personal Name
001 - CONTROL NUMBER
- control field: 8721
003 - CONTROL NUMBER IDENTIFIER
- control field: NUST
005 - DATE AND TIME OF LATEST TRANSACTION
- control field: 20180118122912.0
008 - FIXED-LENGTH DATA ELEMENTS
- fixed length control field: 180118|| aca||aabn | a|a d
040 ## - CATALOGING SOURCE
- Original cataloging agency: NUST
- Transcribing agency: NUST
100 ## - HEADING--PERSONAL NAME
- Personal name: Walecka, John Dirk.
670 ## - SOURCE DATA FOUND
- Source citation: Work cat.: (NUST)29849: Walecka, John Dirk., Introduction to general relativity /, 2007.
